Sherlock Holmes and the Barker Street Irregulars : (Record no. 4737)

MARC details
000 -LEADER
fixed length control field 01075nam a22003017a 4500
001 - CONTROL NUMBER
control field 4737
003 - CONTROL NUMBER IDENTIFIER
control field FISKH
005 - DATE AND TIME OF LATEST TRANSACTION
control field 20240926153217.0
008 - FIXED-LENGTH DATA ELEMENTS--GENERAL INFORMATION
fixed length control field 240926b cb ||||| |||| 00| 0 eng d
020 ## - INTERNATIONAL STANDARD BOOK NUMBER
International Standard Book Number 9780439836722
040 ## - CATALOGING SOURCE
Original cataloging agency FISKH
Language of cataloging eng
Transcribing agency FISKH
Modifying agency FISKH
050 ## - LIBRARY OF CONGRESS CALL NUMBER
Classification number PZ7.M18995
082 ## - DEWEY DECIMAL CLASSIFICATION NUMBER
Classification number 823.8
100 ## - MAIN ENTRY--PERSONAL NAME
Personal name Mack, Tracy
Relator term author
245 ## - TITLE STATEMENT
Title Sherlock Holmes and the Barker Street Irregulars :
Remainder of title The final meeting /
Statement of responsibility, etc. by Tracy Mack & Michael Citrin
250 ## - EDITION STATEMENT
Edition statement First edition , July 2010
260 ## - PUBLICATION, DISTRIBUTION, ETC.
Place of publication, distribution, etc. New York :
Name of publisher, distributor, etc. Scholastic ;
Date of publication, distribution, etc. 2010 .
300 ## - PHYSICAL DESCRIPTION
Extent 248 pages :
Other physical details illustrations ;
Dimensions 20 cm .
490 ## - SERIES STATEMENT
Series statement Sherlock Holmes and the Baker Street Irregulars
Volume/sequential designation Book 4
505 ## - FORMATTED CONTENTS NOTE
Formatted contents note R <br/>
520 ## - SUMMARY, ETC.
Summary, etc. Master detective Sherlock Holmes sets an elaborate trap to capture the wicked Professor Moriarty and dismantle his criminal organization, but Moriarty has his own plans.
521 8# - TARGET AUDIENCE NOTE
Target audience note 770<br/>
Source Lexile <br/>
521 8# - TARGET AUDIENCE NOTE
Target audience note R <br/>
Source Raz-Plus <br/>
650 ## - SUBJECT ADDED ENTRY--TOPICAL TERM
Topical term or geographic name entry element Sherlock
Form subdivision fiction
700 ## - ADDED ENTRY--PERSONAL NAME
Personal name Citrin, Michael
Relator term illustrator
942 ## - ADDED ENTRY ELEMENTS (KOHA)
Source of classification or shelving scheme Dewey Decimal Classification
Koha item type Books
Suppress in OPAC No
Holdings
Withdrawn status Lost status Source of classification or shelving scheme Damaged status Not for loan Collection Home library Current library Shelving location Date acquired Total Checkouts Full call number Barcode Date last seen Price effective from Koha item type
    Dewey Decimal Classification     Fiction Footprints International School Library Network Toul Kork Campus Footprints International School Library Network Toul Kork Campus TTP Primary Orange Bookshelves 09/26/2024   MAC 823.8 PZ7.M18995 FIS00734 09/26/2024 09/26/2024 Books